000 00590nam a2200241 a 4500
001 nice12345678
003 IN_TiNIC
005 20260116013918.0
008 050524s1994 newa grp 000 0 eng
020 _a0679541
_c624
082 0 0 _a307
_bSAI
100 _aSaid, Edward W
245 _aCulture and Imperialism
260 _aNew York
_bVintage Books
_c1994
300 _a380p
500 _aincludes index and biblioraphy
505 2 _aIndex
650 _aIntercultural Communication
700 1 _aSaid, Edward W
902 _bSRS
942 _cBK
999 _c13073
_d13073